Morfismos diferenciales topologicamente lisos (Record no. 180466)

MARC details
000 -LEADER
campo de control de longitud fija 00759nam a2200193 i 4500
001 - NÚMERO DE CONTROL
campo de control 180466
003 - IDENTIFICADOR DE NÚMERO DE CONTROL
campo de control ES-MaACL
005 - FECHA Y HORA DE LA ÚLTIMA TRANSACCIÓN
campo de control 20250903024957.0
008 - DATOS DE LONGITUD FIJA--INFORMACIÓN GENERAL
campo de control de longitud fija 120606s1972 sp |||| | spa d
080 ## - NÚMERO DE LA CLASIFICACIÓN DECIMAL UNIVERSAL
Número de la Clasificación Decimal Universal 517(043.2)
100 1# - ENTRADA PRINCIPAL--NOMBRE DE PERSONA
Nombre de persona Ortega Aramburu, Joaquín M.
9 (RLIN) 150393
245 10 - MENCIÓN DEL TÍTULO
Título Morfismos diferenciales topologicamente lisos
Resto del título : caracterizaciones y aplicaciones /
Mención de responsabilidad, etc. por Joaquín Mª Ortega Aramburu.
260 ## - PUBLICACIÓN, DISTRIBUCIÓN, ETC.
Lugar de publicación, distribución, etc. Barcelona :
Nombre del editor, distribuidor, etc. Universidad de Barcelona, Secretariado de Publicaciones, Intercambio Científico y Extensión Universitaria,
Fecha de publicación, distribución, etc. 1972.
300 ## - DESCRIPCIÓN FÍSICA
Extensión 19 p., 1 h. ;
Dimensiones 24 cm.
502 ## - NOTA DE TESIS
Nota de tesis Resumen de tesis--Universidad Barcelona.
650 07 - PUNTO DE ACCESO ADICIONAL DE MATERIA--TÉRMINO DE MATERIA
Término de materia o nombre geográfico como elemento de entrada Análisis matemático
Fuente del encabezamiento o término embne
9 (RLIN) 9772
852 ## - LOCALIZACIÓN
Ubicación ES-MaACL
Número de control de estantería E-15362(59)
Holdings
Estatus retirado Estado de pérdida Estado de daño No para préstamo Biblioteca de origen Biblioteca actual Ubicación en estantería Fecha de adquisición Fuente de adquisición Total de préstamos Signatura topográfica completa Código de barras Visto por última vez Precio de reemplazo Tipo de ítem Koha
        Biblioteca del Ateneo de Madrid Biblioteca del Ateneo de Madrid Depósito 2 06/06/2012     E-15362(59) 1189628 23/02/2023 23/02/2023 Libro impreso